Chapman Library

Database design, application development and administration (Record no. 2525)

000 -LEADER
fixed length control field 00372nam a22001337a 4500
020 ## - INTERNATIONAL STANDARD BOOK NUMBER
ISBN 007282350-X
050 ## - LIBRARY OF CONGRESS CALL NUMBER
Classification number QA 76.9 man
100 ## - MAIN ENTRY--AUTHOR NAME
Personal name MANNINO, Michael V.
245 ## - TITLE STATEMENT
Title Database design, application development and administration
250 ## - EDITION STATEMENT
Edition statement 2nd
260 ## - PUBLICATION, DISTRIBUTION, ETC. (IMPRINT)
Place of publication Boston
Name of publisher McGraw-Hill Irwin
Year of publication 2004
300 ## - PHYSICAL DESCRIPTION
Number of Pages xxvii, 735p. : illustrations: references: index
942 ## - ADDED ENTRY ELEMENTS (KOHA)
Koha item type Books
Holdings
Koha item type Collection code Shelving location Accession Number Permanent Location Current Location Date acquired Full call number
BooksLendingLending0490Chapman LibraryChapman Library2017-02-16QA 76.9 man
BooksLendingLending0492Chapman LibraryChapman Library2017-02-16QA 76.9 man


CSUC Chapman Library is a Koha Automated Library.


Contact us: library@csuc.edu.gh.